| 000 | 00000cam 2200000zi 4500 |
| 001 | 9.961001 |
| 003 | CaOODSP |
| 005 | 20260513130423 |
| 006 | m o d f |
| 007 | cr mn||||||||| |
| 008 | 260316e202603 quc o f000 0 eng d |
| 020 | |a9780660990200 |
| 040 | |aCaOODSP|beng|erda|cCaOODSP |
| 043 | |an-cn--- |
| 086 | 1 |aBC92-131/2026E-PDF |
| 245 | 00|aUnderstanding consumer awareness and satisfaction with the Commission for Complaints for Telecom-television Services (CCTS) 2025-2026 : |bfinal report / |cprepared for Canadian Radio-television and Telecommunications Commission (CRTC). |
| 264 | 1|a[Gatineau, Quebec] : |bCanadian Radio-television and Telecommunications Commission = Conseil de la radiodiffusion et des télécommunications canadiennes, |cMarch 2026. |
| 264 | 4|c©2026 |
| 300 | |a1 online resource (42 unnumbered pages) |
| 336 | |atext|btxt|2rdacontent |
| 337 | |acomputer|bc|2rdamedia |
| 338 | |aonline resource|bcr|2rdacarrier |
| 500 | |aIssued also in French under title: Comprendre la connaissance et la satisfaction des consommateurs à l'égard de la Commission des plaintes relatives aux services de télécom-télévision (CPRST) 2025-2026 : rapport final. |
| 500 | |a"Supplier Name: Nanos Research." |
| 500 | |a"Contract Number: CW2415556." |
| 500 | |a"Registration Number: POR 016-25." |
| 650 | 0|aTelecommunication|xCustomer services|zCanada|xPublic opinion. |
| 650 | 0|aInternet service providers|xCustomer services|zCanada|xPublic opinion. |
| 650 | 0|aConsumer complaints|zCanada|xPublic opinion. |
| 650 | 0|aPublic opinion|zCanada. |
| 650 | 0|aConsumers|zCanada|xAttitudes. |
| 710 | 2 |aCanadian Radio-television and Telecommunications Commission, |eissuing body. |
| 710 | 2 |aNanos Research (Firm)., |econsultant. |
| 775 | 08|tComprendre la connaissance et la satisfaction des consommateurs à l'égard de la Commission des plaintes relatives aux services de télécom-télévision (CPRST) 2025-2026 : |w(CaOODSP)9.961000 |
| 856 | 40|qPDF|s1.07 MB|uhttps://publications.gc.ca/collections/collection_2026/crtc/BC92-131-2026-eng.pdf|zFinal report |
| 856 | 4 |qHTML|sN/A|uhttps://epe.lac-bac.gc.ca/100/200/301/pwgsc-tpsgc/por-ef/crtc/2026/016-25-e/POR_016-25_Report_EN.html|zFinal report |
| 856 | 4 |qHTML|sN/A|uhttps://epe.lac-bac.gc.ca/100/200/301/pwgsc-tpsgc/por-ef/crtc/2026/016-25-e/index.html|zComplete dataset |